000
00326nam a2200145Ia 4500
003
OSt
008
191201s2019 xx 000 0 und d
082
_a
004.21
_b
PAC
100
_a
PATIL, R.B.
245
0
_a
Computer Aided Design
260
_a
N. Delhi
_b
Techmax pub
300
_a
Misc
650
_a
B.Tech(ME)
942
_2
ddc
_c
BK
999
_c
6436
_d
6436